000 00700nam a22002297a 4500
003 BD-DhJNU
005 20251012033011.0
008 251012b |||||||| |||| 00| 0 eng d
020 _a9788121908146
040 _aBD-DhJNU
_bENG
_cBD-DhJNU
_dBD-DhJNU
082 _223
_a611.0181 VEC
100 _aVerma, P. S.
245 _aCytology :
_bcell biology and molecular biology /
_cP. S. Verma and V. K. Agarwal
260 _aNew Delhi :
_bS. Chand,
_c2023.
300 _axii, 567 p. :
_bills. ;
_c24 cm.
504 _aIncludes bibliographical references and index
650 _aCytology
650 _aCell biology
650 _aMolecular biology
700 _aAgarwal, V. K.
942 _2ddc
_cBK
_n0
999 _c2231
_d2231